000
00347nam a2200133Ia 4500
008
100328s9999 xx 000 0 und d
082
_b
26113
100
_a
चंदनशिव भास्कर
245
_a
मरणकळा
260
_b
सुरेश
630
_a
मरणकळा
730
_a
मरणकळा
942
_c
BOOK
999
_c
518614
_d
518611